000
00304 a2200157 4500
001
169696
020
_a
040
_c
Magnum
100
_a
Ferreira, Elita
240
1
0
_a
Escravos de jo
_l
por
245
1
0
_a
Escravos de jo
362
0
_a
1899
440
1
_a
Bagaço
697
_a
J/GERAL
942
_c
BK
999
_c
169696
_d
169696